000 00813nmm a2200241 a 4500
001 ocm000879809
003 TR-IsHL
005 20201028140126.0
008 131212s1989 tu tur
007 cr cn
035 _a879809
_b(N$T)
050 0 4 _aHF328.T9
_bİ88 1989
090 0 4 _aHF328.T9
_bİ88 1989
245 1 0 _aİstanbul Ticaret Odası adres rehberi 1989
_h[electronic resource]
260 _aİstanbul :
_bİstanbul Ticaret Odası,
_c1989
300 _a524 p.
650 4 _aEkonomi ve Finans
650 4 _aEconomics and Finance
650 0 _aİstanbul Ticaret Odası
650 0 _aIstanbul Chamber of Commerce
650 7 _aBUSINESS & ECONOMICS / Corporate & Business History
_2bisacsh
856 4 0 _uhttp://search.ebscohost.com/login.aspx?direct=true&scope=site&db=e011xww&AN=879809
999 _c7119
_d7119